| 000 | 00416cam a2200181ua 4500 | ||
|---|---|---|---|
| 020 | _c3.0 | ||
| 041 |
_ahin _h |
||
| 082 |
_a891.54 _bDUM/KA |
||
| 100 | _aAlexander, Duma . | ||
| 245 |
_aKaidi / _cAlexander Duma. _hTextual Documents |
||
| 250 |
_a3 / _b. |
||
| 260 |
_a : _bGanga Pustakamala Karyalay , _c1960. |
||
| 300 | _a180 ; . | ||
| 365 | _a3.0 | ||
| 504 | _a | ||
| 942 | _cBK | ||
| 999 |
_c8288 _d8288 |
||